LEADER 01241nam a2200289 a 4500 001 000000026707 003 CaOOAMICUS 005 20140703104855.0 008 950720s1922 gw u000 u ger r 035 $a10690560 040 $aPUL(R)$bita 100 1 $aWynen, Arthur,$cP.S.M.,$d1880-$0(OLS)http://pul/name/21931 245 14$aDie päpstliche Diplomatie /$cgeschichtlich und rechtlich dargestellt von Dr. Arthur Wynen .. 260 $aFreiburg im Breisgau :$bHerder & Co.,$c1922. 300 $axv, [1], 156 p. ;$c20 cm 490 1 $aDas Völkerrecht ;$v10 504 $a"Verzeichnis der benutzten Literatur": p. [ix]-xv. 650 4$aDiplomazia pontificia.$0(OLS)http://pul/subject/4667 830 4$aDas Völkerrecht ;$v10.$0(OLS)http://pul/title/36631 850 $aPUL 852 $aPUL$W1$xDP2 Diritto Canonico 1$y64$m147 E 7$j37290$nBK-PRI$qStampati$B37290$CPULBib$Z2$F37290 $H23726 $82 941 1 $a8 960 $aSanta Sede$xRelazioni diplomatiche$94667 960 $aSanta Sede$xRelazioni diplomatiche$94667 961 $aINV: 23726 996 $6245$aDie päpstliche Diplomatie$9(OLS)http://pul/title/36630 996 $6260$aFreiburg im Breisgau :$bHerder & Co.$9(OLS)http://pul/publisher/51627 LEADER 01999nam a2200397 a 4500 001 000000151096 003 CaOOAMICUS 005 20160407101242.0 008 160407s2016 it u000 u ita r 020 $a978-88-14-205002 (v. 1-2)* 032 $aLibriCat 040 $aPUL$bita 082 $a346.45 245 00$aDel lavoro / $ccon il coordinamento di Saverio Ruperto. 260 $aMilano :$bGiuffrè,$c2016. 300 $a2 v. ;$c24 cm. 490 1 $aGiurisprudenza sul codice civile coordinata con la dottrina : aggiornamento 2011-2015 ;$v05 500 $aComprende indici. 500 $aIn testa al front.: Cesare Ruperto. 505 1 $aV. 1. Artt. 2060-2246 / a cura di Giovanni Amoroso ... [et al.]. -- v. 2. Artt. 2247-2642 / a cura di Lorenzo Attolico ... [et al.]. 650 4$aLavoro$xLegislazione$zItalia.$0(OLS)http://pul/subject/39549 650 4$aDiritto civile$zItalia.$0(OLS)http://pul/subject/3770 700 1 $aRuperto, Cesare.$0(OLS)http://pul/name/40821 700 1 $aAttolico, Lorenzo.$0(OLS)http://pul/name/86523 700 1 $aRuperto, Saverio.$0(OLS)http://pul/name/83100 700 1 $aAmoroso, Giovanni,$d1949-$0(OLS)http://pul/name/72187 830 0$aGiurisprudenza sul codice civile coordinata con la dottrina : aggiornamento 2011-2015 ;$v05.$0(OLS)http://pul/title/184852 850 $aPUL 852 $aPUL$W1$xSL Diritto e Scienze Sociali 3$y79$m346. 45 RUPCE 1.5.8.1$j173544$bv. 1$qDDC 21$B175877$CPULBib$Z2$F175877 $H127536 $81 852 $aPUL$W1$xSL Diritto e Scienze Sociali 3$y79$m346. 45 RUPCE 1.5.8.2$j173545$bv. 2$qDDC 21$B175878$CPULBib$Z2$F175878 $H127537 $81 941 1 $a9 996 $6020$a978-88-14-205002 (v. 1-2)*$9(OLS)http://pul/number/160208 996 $6082$a346.45$9(OLS)http://pul/classification/372 996 $6245$aDel lavoro / $9(OLS)http://pul/title/190295 996 $6260$aMilano :$bGiuffrè$9(OLS)http://pul/publisher/48401